| 000 | 01022nam a22002777a 4500 | ||
|---|---|---|---|
| 001 | BR7575066 | ||
| 003 | BR-BrBNA | ||
| 005 | 20230928084846.0 | ||
| 007 | ta | ||
| 008 | 230509b bl.||||| |||| 00| 0 por d | ||
| 040 |
_aBR-BrBNA _bpor _cBiblioteca Nacional de Agricultura |
||
| 041 | _a(Por) | ||
| 072 |
_aE50 _b/G514 |
||
| 090 | _ E50 BR7575066 | ||
| 110 | 1 |
_aCompanhia Hidro Eletrica do Sao Francisco, Recife, PE (Brasil); _92442 |
|
| 110 | 1 |
_aAssociacao Nordestina de Credito e Assistencia Rural da Bahia, Salvador (Brasil) _9689 |
|
| 245 | 1 | _aReservatorio de Sobradinho, projeto alternativas de producao, diagntico integrado da populacao rural do municipio de Casa Nova [Bahia; Brasil] | |
| 260 | 3 |
_aSalvador, BA (Brasil): _c1975. |
|
| 300 | _a122 p. | ||
| 500 | _a(*) Documento disponível no(a) Diretoria Estadual do Ministerio da Agricultura na Bahia, Salvador (Brazil) | ||
| 650 | _aPOPULACAO RURAL | ||
| 650 | _aCASA NOVA | ||
| 650 | _aBAHIA | ||
| 909 |
_a202309 _bLucia _c55 _dLucia Elande |
||
| 942 | _cBK | ||
| 999 |
_c21510 _d21510 |
||